| Tag |
First Indicator |
Second Indicator |
Subfields |
| LEADER |
00000cam a2200000 i 4500 |
| 001 |
in00004154313 |
| 005 |
20201020070546.0 |
| 008 |
180927t20192019nyuaf b 001 0beng |
| 010 |
|
|
|a 2018044760
|
| 020 |
|
|
|a 9780062896391
|q hardcover
|
| 020 |
|
|
|a 0062896393
|q hardcover
|
| 020 |
|
|
|a 9780062896407
|q hardcover
|
| 020 |
|
|
|a 0062896407
|q hardcover
|
| 020 |
|
|
|z 9780062896414
|q (ebook)
|
| 035 |
|
|
|a (OCoLC)on1057731049
|
| 040 |
|
|
|a DLC
|e rda
|c DLC
|d UtOrBLW
|
| 043 |
|
|
|a n-us---
|
| 049 |
|
|
|a TXAM
|
| 050 |
0 |
0 |
|a PS3569.O6547
|b Z767 2019
|
| 082 |
0 |
0 |
|a 818/.5409
|a B
|2 23
|
| 100 |
1 |
|
|a Moser, Benjamin,
|e author.
|0 http://id.loc.gov/authorities/names/n2001034559
|
| 245 |
1 |
0 |
|a Sontag :
|b her life and work /
|c Benjamin Moser.
|
| 250 |
|
|
|a First edition.
|
| 264 |
|
1 |
|a New York :
|b Ecco, an imprint of HarperCollins Publishers,
|c [2019]
|
| 264 |
|
4 |
|c ©2019
|
| 300 |
|
|
|a xiii, 816 pages, 32 unnumbered pages of plates :
|b illustrations ;
|c 24 cm.
|
| 336 |
|
|
|a text
|b txt
|2 rdacontent
|
| 336 |
|
|
|a still image
|b sti
|2 rdacontent
|
| 337 |
|
|
|a unmediated
|b n
|2 rdamedia
|
| 338 |
|
|
|a volume
|b nc
|2 rdacarrier
|
| 500 |
|
|
|a Illustrations on endpapers.
|
| 504 |
|
|
|a Includes bibliographical references and index.
|
| 505 |
0 |
|
|a Auction of souls -- The queen of denial -- The master lie -- From another planet -- Lower slobbovia -- The color of shame -- The bi's progress -- The benevolent dictatorship -- Mr. Casaubon -- The moralist -- The Harvard gnostics -- What do you mean by mean? -- The price of salt -- The comedy of roles -- All joy or rage -- Funsville -- Where you leave off and the camera begins -- God bless America -- Continent of neurosis -- Xu-Dan Xôn-Tăc -- Four hundred lesbians -- China, women, freaks -- The very nature of thinking -- Quite unseduced -- Toujours fidèle -- Who does she think she is? -- The slave of seriousness -- Things that go right -- The word won't go away -- Why don't you go back to the hotel? -- Casual intimacy -- This "Susan Sontag" thing -- Taking hostages -- The collectible woman -- A serious person -- A cultural event -- The Susan story -- The callas way -- The sea creature -- The most natural thing in the world -- It's what a writer is -- A spectator of calamities -- Can't understand, can't imagine -- The only thing that's real -- The body and its metaphors.
|
| 520 |
|
|
|a Benjamin Moser's Sontag, a biography of Susan Sontag, is a portrait of the iconoclastic and prolific essayist, novelist, and critic and her role in the history of American intellectualism.
|
| 600 |
1 |
0 |
|a Sontag, Susan,
|d 1933-2004.
|0 http://id.loc.gov/authorities/names/n79049274
|
| 650 |
|
0 |
|a Authors, American
|y 20th century
|v Biography.
|0 http://id.loc.gov/authorities/subjects/sh2007100576
|
| 650 |
|
0 |
|a Women authors, American
|y 20th century
|v Biography.
|
| 650 |
|
7 |
|a BIOGRAPHY & AUTOBIOGRAPHY / Editors, Journalists, Publishers.
|2 bisacsh
|
| 650 |
|
7 |
|a BIOGRAPHY & AUTOBIOGRAPHY / LGBT.
|2 bisacsh
|
| 650 |
|
7 |
|a BIOGRAPHY & AUTOBIOGRAPHY / Women.
|2 bisacsh
|
| 945 |
|
|
|b 503797
|
| 947 |
|
|
|a A14850799157
|
| 948 |
|
|
|a cataloged
|b h
|c 2020/7/29
|d c
|e dmitchel
|f 1:50:30 pm
|
| 994 |
|
|
|a 92
|b TXA
|
| 999 |
f |
f |
|s 952dce22-6744-389a-a42e-68e54bc81c74
|i 92d013ee-a5a2-3bc0-beec-136bc012cc71
|t 0
|
| 952 |
f |
f |
|p normal
|a Texas A&M University
|b College Station
|c Sterling C. Evans Library
|d Evans: Library Stacks
|t 0
|e PS3569.O6547 Z767 2019
|h Library of Congress classification
|i unmediated -- volume
|m A14850799157
|
| 998 |
f |
f |
|a PS3569.O6547 Z767 2019
|t 0
|l Evans: Library Stacks
|